| 000 | 01112nac a22002891i 4500 | ||
|---|---|---|---|
| 003 | EG-ScBUE | ||
| 005 | 20240118093545.0 | ||
| 008 | 121122s2006 sy f b 000 0 ara d | ||
| 020 | _a1575470241 | ||
| 040 |
_aEG-ScBUE _bara _erda _cEG-ScBUE _dEG-ScBUE |
||
| 043 | _af-ae--- | ||
| 082 | 0 | 4 |
_a965.05 _bب ن ن _222 |
| 100 | 1 |
_aبن نبي، مالك، _d1905-1973، _eمؤلف. |
|
| 245 | 1 | 0 |
_aبين الرشاد والتيه / _cمالك بن نبي ؛ بإشراف ندوة مالك بن نبي. |
| 250 | _aالإعادة السادسة. | ||
| 264 | 1 |
_aدمشق : _bدار الفكر، _c2006. |
|
| 300 |
_a214 صفحة ؛ _c24 سم. |
||
| 336 |
_2rdacontent _aنص _btxt |
||
| 337 |
_aبدون وسيط _2rdamedia _bn |
||
| 338 |
_aمجلد _bnc _2rdacarrier |
||
| 490 | 0 | _aمشكلات الحضارة | |
| 504 | _aيشتمل على إرجاعات ببليوجرافية. | ||
| 651 | 7 |
_aالجزائر _xتاريخ _yالعصر الحديث. _2BUEsh |
|
| 651 | 7 |
_aالدول العربية _xأحوال سياسية _yالعصر الحديث. _2BUEsh |
|
| 655 | _vReading book | ||
| 942 |
_cBB _2ddc |
||
| 999 |
_c7829 _d7829 |
||